Statistiques concernant Pays européens de A à Z

Cliquez ici pour prendre le quiz!

Statistiques générales

  • Ce quiz a été pris 241 fois
  • Le résultat moyen est 17 sur 19

Statistiques - réponses

LettrePays% Correct
AAlbanie, Allemagne, Andorre, Autriche
100%
BBelgique, Biélorussie, Bosnie-Herzégovine, Bulgarie
100%
DDanemark
100%
EEspagne, Estonie
100%
FFinlande, France
100%
IIrlande, Islande, Italie
100%
LLettonie, Liechtenstein, Lituanie, Luxembourg
99%
PPays-Bas, Pologne, Portugal
98%
SSaint-Marin, Serbie, Slovaquie, Slovénie, Suède, Suisse
98%
CChypre, Croatie
97%
MMacédoine du Nord, Malte, Moldavie, Monaco, Monténégro
97%
RRoumanie, Royaume-Uni, Russie
97%
HHongrie
95%
VVatican
93%
GGrèce
84%
TTchéquie, Turquie
82%
UUkraine
79%
NNorvège
76%
KKazakhstan
32%

Distribution des résultats

Percentile par nombre de réponses

% des personnes avec chaque résultat

Votre développement - résultats

Vous n’avez pas pris ce quiz